Повышение ресурса скользящего контакта универсальных коллекторных электродвигателей: автореферат диссертации на соискание ученой степени кандидата технических наук; спец. 05.09.01

Bibliografische gegevens
Hoofdauteur: Качин О. С. Олег Сергеевич
Coauteur: Томский политехнический университет (ТПУ)
Andere auteurs: Бекишев Р. Ф. Рудольф Фридрихович (научный руководитель)
Samenvatting:Защита сост. 24.12.2008 г.
Taal:Russisch
Gepubliceerd in: Томск, [Б. и.], 2008
Onderwerpen:
Formaat: Boek
KOHA link:https://koha.lib.tpu.ru/cgi-bin/koha/opac-detail.pl?biblionumber=149941

MARC

LEADER 00000nam0a2200000 4500
001 149941
005 20240115105406.0
035 |a (RuTPU)RU\TPU\book\162552 
090 |a 149941 
100 |a 20081224d2008 k y0rusy50 ca 
101 0 |a rus 
102 |a RU 
105 |a a dm 001zy 
200 1 |a Повышение ресурса скользящего контакта универсальных коллекторных электродвигателей  |e автореферат диссертации на соискание ученой степени кандидата технических наук  |e спец. 05.09.01  |f О. С. Качин  |g Томский политехнический университет (ТПУ) ; науч. рук. Р. Ф. Бекишев 
210 |a Томск  |c [Б. и.]  |d 2008 
215 |a 21 с.  |c ил. 
300 |a Защита сост. 24.12.2008 г. 
320 |a Библиогр.: с. 20-21 (18 назв.). 
610 1 |a коллекторные электрические машины 
610 1 |a коллекторные электродвигатели 
610 1 |a эксплуатация 
610 1 |a коллекторно-щеточные узлы 
610 1 |a подшипниковые узлы 
610 1 |a механическое состояние 
610 1 |a экспериментальные исследования 
610 1 |a щетки 
610 1 |a изнашивание 
610 1 |a математические модели 
610 1 |a ресурс 
610 1 |a оценка 
610 1 |a программные продукты 
610 1 |a увеличение 
610 1 |a авторефераты диссертаций 
610 1 |a труды учёных ТПУ 
675 |a 621.313.36(04)  |v 3 
686 |a 05.09.01  |2 oksvnk 
700 1 |a Качин  |b О. С.  |c специалист в области электротехники  |c доцент Томского политехнического университета, кандидат технических наук  |f 1982-  |g Олег Сергеевич  |3 (RuTPU)RU\TPU\pers\27695  |9 12769 
702 1 |a Бекишев  |b Р. Ф.  |c российский ученый  |c профессор кафедры электропривода и электрооборудования ТПУ  |f 1940-  |g Рудольф Фридрихович  |3 (RuTPU)RU\TPU\pers\19768  |4 727 
712 0 2 |a Томский политехнический университет (ТПУ)  |c (1991- )  |3 (RuTPU)RU\TPU\col\376 
801 1 |a RU  |b 63413507  |c 20081224  |g PSBO 
801 2 |a RU  |b 63413507  |c 20191224  |g PSBO 
942 |c BK